Quiz o państwach #2 - Statystyki

Ogólne statystyki
  • Ten quiz został rozwiązany 85 razy
  • Średni wynik to 10 z 10
Statystyki odpowiedzi
Pytanie Odpowiedź % Poprawnych
Jest to jedno z najniebezpieczniejszych państw na świecie Papua Nowa Gwinea
100%
Ludzie w tym państwie posługują się około 850 językami Papua Nowa Gwinea
100%
85% społeczeństwa tego państwa jest zatrudniona w rolnictwie Papua Nowa Gwinea
100%
W tym państwie dalej praktykuje się polowania na czarownice Papua Nowa Gwinea
100%
To państwo posiada około 600 wysp Papua Nowa Gwinea
100%
Kanibalizm to zjawisko występujące w tym państwie aż do XX wieku Papua Nowa Gwinea
100%
Ponad 60% terenów tego państwa jest zalesiona Papua Nowa Gwinea
100%
To państwo zostało odkryte przez Portugalczyków Papua Nowa Gwinea
100%
Najwyższy szczyt tego państwa ma 4509 m n.p.m. Papua Nowa Gwinea
100%
Na terenie tego państwa znajduje się kilka aktywnych wulkanów Papua Nowa Gwinea
100%
Nie znaleziono quizów pasujących do podanych kryteriów
Rozkład punktacji
Procent ludzi z każdym wynikiem
Percentyl według liczby udzielonych odpowiedzi
Twoja historia wyników
Nie rozwiązałeś tego quizu